Geology and ground-water resources of Ford County, Kansas / (Record no. 27905)
[ view plain ]
| 000 -LEADER | |
|---|---|
| fixed length control field | 02285cam a22003371 4500 |
| 001 - CONTROL NUMBER | |
| control field | gs 43000063 |
| 003 - CONTROL NUMBER IDENTIFIER | |
| control field | DLC |
| 005 - DATE AND TIME OF LATEST TRANSACTION | |
| control field | 20260227111349.0 |
| 008 - FIXED-LENGTH DATA ELEMENTS--GENERAL INFORMATION | |
| fixed length control field | 770531s1942 ksuab 000 0 eng c |
| 010 ## - LIBRARY OF CONGRESS CONTROL NUMBER | |
| LC control number | gs 43000063 |
| 035 ## - SYSTEM CONTROL NUMBER | |
| System control number | (OCoLC)3006679 |
| 040 ## - CATALOGING SOURCE | |
| Original cataloging agency | U. S. Geol. survey. Library |
| Transcribing agency | OT |
| Modifying agency | OCoLC |
| -- | DLC |
| 042 ## - AUTHENTICATION CODE | |
| Authentication code | premarc |
| 050 00 - LIBRARY OF CONGRESS CALL NUMBER | |
| Classification number | QE113 |
| Item number | .A2 no. 43 |
| 082 ## - DEWEY DECIMAL CLASSIFICATION NUMBER | |
| Classification number | 557.81 s |
| 100 1# - MAIN ENTRY--PERSONAL NAME | |
| Personal name | Waite, Herbert Ames, |
| Dates associated with a name | 1910- |
| 245 00 - TITLE STATEMENT | |
| Title | Geology and ground-water resources of Ford County, Kansas / |
| Statement of responsibility, etc. | by Herbert A. Waite ; analyses by Robert H. Hess. |
| 260 ## - PUBLICATION, DISTRIBUTION, ETC. | |
| Place of publication, distribution, etc. | Topeka : |
| Name of publisher, distributor, etc. | Kansas state printing plant, |
| Date of publication, distribution, etc. | 1942. |
| 300 ## - PHYSICAL DESCRIPTION | |
| Extent | 250 p. : |
| Other physical details | incl. illus., tables, 3 fold. maps (in pocket), fold. profile ; |
| Dimensions | 23 cm. |
| 490 0# - SERIES STATEMENT | |
| Series statement | Kansas. State geological survey. Bulletin 43 |
| 500 ## - GENERAL NOTE | |
| General note | University of Kansas publications, December, 1942. |
| 500 ## - GENERAL NOTE | |
| General note | At head of title: State geological survey of Kansas, Raymond C. Moore ... state geologist and director ... John C. Frye, Ph. D., assistant state geologist and assistant director. Division of ground water, Stanley W. Lohman, geologist in charge. |
| 500 ## - GENERAL NOTE | |
| General note | Prepared by the U. S. Geological survey and the State geological survey of Kansas, with the coöperation of the Division of sanitation of the Kansas State board of health, and the Division of water resources of the Kansas State board of agriculture. |
| 501 ## - WITH NOTE | |
| With note | With : Geophysical investigations in the Tri-state zinc and lead mining district / by J. J. Jakosky, R. M. Dreyer, and C. H. Wilson, 1942 -- Geology and ground-water resources of Meade County, Kansas / by John C. Frye, 1942. Bound together subsequent to publication. |
| Institution to which field applies | DLC |
| 501 ## - WITH NOTE | |
| With note | Copy 2 With : Geophysical investigations in the Tri-state zinc and lead mining district / by J. J. Jakosky, R. M. Dreyer, and C. H. Wilson, 1942 -- Geology and ground-water resources of Meade County, Kansas / by John C. Frye, 1942 -- Coal resources of the Douglas group in east-central Kansas / by Arthur L. Bowsher and John M. Jewett, 1943. Bound together subsequent to publication. |
| Institution to which field applies | DLC |
| 504 ## - BIBLIOGRAPHY, ETC. NOTE | |
| Bibliography, etc. note | Bibliography: p. 170. |
| 650 #0 - SUBJECT ADDED ENTRY--TOPICAL TERM | |
| Topical term or geographic name entry element | Water-supply |
| Geographic subdivision | Kansas |
| -- | Ford County. |
| 650 #0 - SUBJECT ADDED ENTRY--TOPICAL TERM | |
| Topical term or geographic name entry element | Geology |
| Geographic subdivision | Kansas |
| -- | Ford County. |
| 700 1# - ADDED ENTRY--PERSONAL NAME | |
| Personal name | Hess, Robert Harlan, |
| Dates associated with a name | 1910- |
| 710 2# - ADDED ENTRY--CORPORATE NAME | |
| Corporate name or jurisdiction name as entry element | Geological Survey (U.S.) |
No items available.